书目信息 |
| 题名: |
高中写作范文讲析荟萃
|
|
| 作者: | 丁喜君 | |
| 分册: | ||
| 出版信息: | 上海 汉语大词典出版社 36557 |
|
| 页数: | 653页 | |
| 开本: | 20cm | |
| 丛书名: | ||
| 单 册: | ||
| 中图分类: | G633.343 | |
| 科图分类: | ||
| 主题词: | 教育--各级 | |
| 电子资源: | ||
| ISBN: | 7-5432-0379-0 | |
| 000 | 00534nam0 2200181 450 | |
| 001 | 0728815141 | |
| 005 | 20070819080015.14 | |
| 010 | @a7-5432-0379-0@d¥25.00 | |
| 100 | @a20070819d km y0chiy0120 ea | |
| 101 | 0 | @achi |
| 200 | 1 | @a高中写作范文讲析荟萃@Agao zhong xie zuo fan wen jiang xi hui cui@f丁喜君@Fding xi jun |
| 210 | @a上海@c汉语大词典出版社@d36557 | |
| 215 | @a653页@d20cm | |
| 606 | 0 | @a教育@x各级 |
| 690 | @aG633.343@v3 | |
| 701 | 0 | @a丁喜君@Ading xi jun |
| 801 | 0 | @aCN@bPFT@c20070819 |
| 905 | @a213230@dG633.343@eZW88@f1 | |
| 高中写作范文讲析荟萃/丁喜君.-上海:汉语大词典出版社,36557 |
| 653页;20cm |
| ISBN 7-5432-0379-0:¥25.00 |
| ● |
| 相关链接 |
|
|
|
|
正题名:高中写作范文讲析荟萃
索取号:G633.343/ZW88
 
预约/预借
| 序号 | 登录号 | 条形码 | 馆藏地/架位号 | 状态 | 备注 |
| 1 | 7603792 | 276037922 | 密集书库-文学院/ [索取号:G633.343/ZW88] | 在馆 |